000 00556nam a2200217Ia 4500
003 OSt
005 20220928141640.0
006 a|||||r|||| 00| 0
007 ta
008 220927b |||||||| |||| 00| 0 eng d
024 _a16503
037 _cTextual
040 _aSDCL
_cSDCL
_beng
041 _2eng
_aeng
082 _aWxM06, L6
100 _aThompson Dennis F
_9501321
245 0 _aJohn Stuart Mill and representative government
260 _c1976
942 _hWxM06, L6
_cTEXL
_2CC
999 _c818853
_d818853